00464 2200181 4500245005200000020002200052250001100074100002400085700001000109700001800119650001700137005001900154260004100173041001400214084001300228300003200241336000900273 aKashiwagi Next To MecShimotsuki, KinushahText a978-602-00-3067-8 aCet. 1 aShimotsuki, Kinusha aLouis aFaira Ammadea aKomik Jepang a20230414115041 aJakartabElex Media Komputindoc2012 aIndonesia a741.5592 a... jil. :bilus. ;c17 cm. atext